Obras escogidasde D. F. de Quevedo y Villegas : (Record no. 11870)

000 -CABECERA
fixed length control field 00936nam a22002177a 4500
003 - IDENTIFICADOR DEL NÚMERO DE CONTROL
control field AR-CdUCM
008 - DATOS DE LONGITUD FIJA--INFORMACIÓN GENERAL
fixed length control field 190405b ||||| |||| 00| 0 spa d
040 ## - FUENTE DE LA CATALOGACIÓN
Agencia/entidad que catalogó originalmente la obra MUNICIPALIDAD PROVINCIAL DEL CUSCO
Entidad que transcribió la catalogación BIBLIOTECA MUNICIPAL DEL CUSCO
082 ## - NÚMERO DE LA CLASIFICACIÓN DECIMAL DEWEY
No. de Clasificación 868.3 /
Notacion interna OC31 / 1860
100 ## - ENTRADA PRINCIPAL--NOMBRE DE PERSONA
Nombre Personal Ochoa, Eugenio de
245 ## - MENCIÓN DE TÍTULO
Título Obras escogidasde D. F. de Quevedo y Villegas :
Resto del título con notas y una noticia de su vida y escritos /
260 ## - PUBLICACIÓN, DISTRIBUCIÓN, ETC.
Lugar de publicación, distribución, etc. París :
Nombre de la editorial, distribuidor, etc. Baudry, libreria,
Fecha de publicación, distribución, etc. 1860.
300 ## - DESCRIPCIÓN FÍSICA
Nº de Páginas Extensión 508 paginas ;
Dimensiones 21 cm.
440 ## - MENCIÓN DE SERIE/PUNTO DE ACCESO ADICIONAL--TÍTULO
Título Colección de los mejores autores españoles
9 (RLIN) 29450
505 ## - NOTA DE CONTENIDO CON FORMATO
Nota de contenido formateada Contenido : Propiedades y excelencias de la devoción -- De las aspiraciones, oraciones jaculatorias, y buenos pensamientos -- De las verdaderas amistades -- De los deseos -- Remedios para las grandes tentaciones...
650 ## - PUNTO DE ACCESO ADICIONAL DE MATERIA--TÉRMINO DE MATERIA
Descriptor Casados
9 (RLIN) 29451
650 ## - PUNTO DE ACCESO ADICIONAL DE MATERIA--TÉRMINO DE MATERIA
Descriptor Biografías
9 (RLIN) 148
650 ## - PUNTO DE ACCESO ADICIONAL DE MATERIA--TÉRMINO DE MATERIA
Descriptor Viudos
9 (RLIN) 29452
942 ## - ELEMENTOS DE PUNTO DE ACCESO ADICIONAL (KOHA)
Fuente de clasificación
Tipo de item Libros-BMC
945 ## - PROCESAMIENTO DE INFORMACIÓN LOCAL (OCLC)
Catalogador wnts
Holdings
Estado de retiro (separado) Fuente de clasificación o esquema de estanterías Estado dañado Ubicación Sala donde se ubica Nombre de la colección Fecha de adquisición o compra Costo, precio normal en soles Signatura topográfica Código de Barras Última vez visto (Koha) Tipo de ítem (Koha)
No     Sala Cusco Antiguo Sala Cusco Antiguo Book Cart 2019-04-05 100.00 868.3 / OC31 / 1860 SCA0001881 2019-04-05 Libros-BMC

Powered by Koha